| 000 | 01545nam0a22003611 4500 | ||
|---|---|---|---|
| 001 | rc\2263339 | ||
| 005 | 20110826154108.5 | ||
| 035 | _a(NLR Aleph) 006527907 | ||
| 090 |
_a6501540 _c6501540 |
||
| 100 | _a20110826d1979 |||y0rusy50 ca | ||
| 101 | 0 | _arus | |
| 102 | _aRU | ||
| 105 | _aa z ||||| | ||
| 200 | 1 |
_aНегорючие теплоносители и гидравлические жидкости _eСвойства, коррозия, технология _eСправ. руководство _f[А.М. Сухотин, В.С. Зотиков, А.Ф. Казанкина и др.] _gПод ред. А.М. Сухотина |
|
| 210 |
_aЛенинград _cХимия. Ленингр. отд-ние _d1979 |
||
| 215 |
_a360 с. _cил. _d22 |
||
| 300 | _aАвт. указаны на обороте тит. л. | ||
| 320 | _aБиблиогр. в конце глав | ||
| 606 |
_aХолодильные агенты _2psbo |
||
| 606 |
_aГидравлические системы _xРабочие тела _2psbo |
||
| 606 |
_aТеплоносители высокотемпературные _2psbo |
||
| 686 |
_aК447.3-035.9я22 _2rubbk |
||
| 686 |
_aЛ112.23-31я22 _2rubbk |
||
| 701 | 1 |
_aЗотиков _bВ. С. |
|
| 701 | 1 |
_aКазанкина _bА. Ф. |
|
| 701 | 1 |
_aСухотин _bА. М. _gАлександр Михайлович _4340 |
|
| 801 | 0 |
_aRU _bNLR _gpsbo |
|
| 801 | 1 |
_aRU _bELAR _2rusmarc |
|
| 852 |
_aNLR _j80-5/907 |
||
| 899 |
_aRuMoRGB _jB 79-55/252 |
||
| 899 |
_aRuMoRGB _jB 79-55/253 |
||
| 942 | _cBOOK | ||
| 980 | _aNB | ||